000 00517 a2200193 4500
005 20240326145006.0
008 240312b |||||||| |||| 00| 0 eng d
020 _a9789386070203
_cRs. 250.00
040 _aMAIN
082 _a005.133
_bC455I
100 _aChopra, Rajiv
245 _aIntroduction to programming (C)
260 _bNew Age International
_aNew Delhi
_c2017
300 _aix, 302
650 _aEngineering
650 _aProgramming C
650 _aC (Computer Programming Language)
942 _cBK
999 _c312458
_d312458